[Event "RUS-ch Silent"]
[Site "Zelenograd"]
[Date "2018.10.28"]
[Round "4"]
[White "Rybnikov, Ilya"]
[Black "Shajakhmetov, Ildar"]
[Result "0-1"]
[WhiteElo "1584"]
[BlackElo "1837"]
[PlyCount "74"]
[EventDate "2018.10.25"]
[EventType "swiss"]
[EventRounds "11"]
[EventCountry "RUS"]
[SourceTitle "EXT 2020"]
[Source "ChessBase"]
[SourceDate "2019.10.17"]
[SourceVersion "1"]
[SourceVersionDate "2019.10.17"]
[SourceQuality "1"]

1. d4 Nf6 2. c4 g6 3. Nc3 Bg7 4. e4 d6 5. h3 0-0 6. Be3 Nbd7 7. Nf3 Re8 8. Be2 e5 9. d5 h6 10. Qd2 Kh7 11. b4 Nxe4 12. Nxe4 f5 13. Neg5+ hxg5 14. Nxg5+ Kg8 15. Ne6 Rxe6 16. dxe6 Nf6 17. Bg5 Bxe6 18. 0-0 Qd7 19. Bxf6 Bxf6 20. Rac1 Kg7 21. f4 Rh8 22. fxe5 Bxe5 23. Bf3 c6 24. Rfe1 Qe7 25. Qe3 Qh4 26. Qd3 Qg3 27. Kf1 Rh4 28. Rc2 g5 29. Re3 Rf4 30. Ke2 Rd4 31. Qxd4 Bxd4 32. Rxe6 Kf7 33. Rxd6 Qxd6 34. Rd2 Qe6+ 35. Kd1 Qxc4 36. Bh5+ Kf6 37. Be2 Qxb4 0-1

[Event "RUS-ch Silent"]
[Site "Zelenograd"]
[Date "2018.10.25"]
[Round "1"]
[White "Shalagin, Vladimir"]
[Black "Rybnikov, Ilya"]
[Result "1-0"]
[WhiteElo "2015"]
[BlackElo "1584"]
[PlyCount "55"]
[EventDate "2018.10.25"]
[EventType "swiss"]
[EventRounds "11"]
[EventCountry "RUS"]
[SourceTitle "EXT 2020"]
[Source "ChessBase"]
[SourceDate "2019.10.17"]
[SourceVersion "1"]
[SourceVersionDate "2019.10.17"]
[SourceQuality "1"]

1. d4 Nf6 2. Bf4 d5 3. e3 e6 4. Nf3 Bd6 5. Bg5 h6 6. Bh4 0-0 7. c4 c6 8. Nc3 Nbd7 9. cxd5 exd5 10. Bd3 Qc7 11. Rc1 a6 12. 0-0 b5 13. e4 dxe4 14. Nxe4 Nxe4 15. Bxe4 Bb7 16. Re1 Rac8 17. Bf5 Rce8 18. Re2 c5 19. Rxe8 Rxe8 20. Bxd7 Qxd7 21. dxc5 Bxf3 22. gxf3 Qh3 23. cxd6 Qxh4 24. d7 Qg5+ 25. Kf1 Rd8 26. Rc8 Kf8 27. Qd6+ Kg8 28. Qc7 1-0